| 000 | 00522nam a2200145Ia 4500 | ||
|---|---|---|---|
| 008 | 151213s9999 xx 000 0 und d | ||
| 100 | _aমাসুদুল ইসলাম। | ||
| 245 |
_aচাঁদে আড়ালে তুমি। _cমাসুদুল ইসলাম। |
||
| 260 |
_aঢাকা _bরিকেট প্রিন্টার্স। _cevs 1400 |
||
| 300 | _a8809 p. | ||
| 650 | _aBangla | ||
| 650 | _aকবিতা | ||
| 700 | _aমাসুদুল ইসলাম। | ||
| 999 |
_c4594 _d4594 |
||